A revision of the new world plant-mining moths of the family opostegidae Lepidoptera: Nepticuloidea
Uloženo v:
| Hlavní autoři: | , |
|---|---|
| Médium: | Kniha |
| Jazyk: | angličtina |
| Vydáno: |
Washington, D.C
Smithsonian Institution Scholarly Press
2007
|
| Edice: | Smithsonian Contributions to Zoology, 625
|
| Témata: | |
| Tagy: |
Přidat tag
Žádné tagy, Buďte první, kdo vytvoří štítek k tomuto záznamu!
|
MARC
| LEADER | 00000nam a2200000 a 4500 | ||
|---|---|---|---|
| 001 | UCI5686 | ||
| 003 | CL-VaPUC | ||
| 008 | 080404e20070000US |||||||||||||||||eng|d | ||
| 082 | 0 | 4 | |a 595.78 |b DAV |2 21 |
| 100 | 0 | |a Davis, Donald Ray |e author |9 528251 | |
| 700 | 0 | |a Stonis, Jonas R |e author |9 528252 | |
| 245 | 1 | 2 | |a A revision of the new world plant-mining moths of the family opostegidae Lepidoptera: Nepticuloidea |
| 300 | |a 212 p | ||
| 942 | |c BK | ||
| 945 | |d 20080404 00:00:00 |a jtorresc | ||
| 260 | |a Washington, D.C |b Smithsonian Institution Scholarly Press |c 2007 | ||
| 650 | 7 | |a LEPIDOPTEROS |2 CL-VaPUC |9 331930 | |
| 650 | 0 | |a Insectos |9 264174 | |
| 650 | 0 | |a Entomología |9 269835 | |
| 650 | 7 | |a ECOLOGIA ANIMAL |2 CL-VaPUC |9 528253 | |
| 650 | 0 | |a Zoología |9 261613 | |
| 650 | 0 | |a Distribución geográfica |9 260005 | |
| 583 | |a last modification |c 20080404 00:00:00 |k Rodrigo Vera | ||
| 490 | 0 | |a Smithsonian Contributions to Zoology, 625 | |
| 999 | |c 329407 |d 329405 | ||